25 largest cities by letter - Q - Statistics

General Stats
  • This quiz has been taken 37 times
  • The average score is 5 of 25
Answer Stats
Country Population City % Correct
Ecuador 1,399,814 Quito
97%
China 3,718,835 Qingdao
73%
Canada 528,595 Quebec
70%
Philippines 2,761,720 Quezon City
70%
Iran 900,000 Qom
61%
Pakistan 733,675 Quetta
55%
China 184,143 Quanzhou
18%
China 882,364 Qiqihar
15%
Mozambique 188,964 Quelimane
12%
Guatemala 132,230 Quetzaltenango
12%
China 151,287 Qingyuan
9%
Uzbekistan 222,898 Qarshi
6%
Iran 333,635 Qazvin
6%
China 759,718 Qinhuangdao
6%
Argentina 518,788 Quilmes
6%
Vietnam 210,338 Qui Nhon
6%
Iran 251,834 Qarchak
3%
Egypt 235,362 Qena
3%
China 480,000 Qionghai
3%
China 146,015 Qujing
3%
China 160,000 Qapqal
0%
China 179,079 Qianjiang
0%
Uzbekistan 187,477 Qo'qon
0%
Brazil 135,741 Queimados
0%
India 225,816 Quthbullapur
0%
No matching quizzes found
Score Distribution
Percent of People with Each Score
Percentile by Number Answered
Your Score History
You have not taken this quiz